000 00827nam a2200193 4500
999 _c15797
_d15797
008 201127b ||||| |||| 00| 0 eng d
022 _a0730-3084
082 _aDPer 613.705 J863 Sept 2015-Apr 2016 v. 86-87
100 _aShim, Andrew L.
_942630
245 _aIncorporating a pedal-less bicycle curriculum into a K-5th grade after-school program to improve stability for ASD chlidren/
_cAndrew L. Shim, Sean Peterson, Jan Turbes, and Ferman Konukman.
260 _aPhiladelphia:
_bShape America-Society of Health and Physical Educators,
_c©Sept 2015-Apr 2016.
300 _av87, n3, pages 52-54:
_billustrations;
_c28 cm.
500 _aJORERD
650 _aAutism.
_942635
700 _aPeterson, S.
_eAuthor.
_942631
700 _aTurbes, J.
_eAuthor.
_942632
700 _aKonukman, F.
_eEditor.
_942633
942 _2ddc
_cPER